[Event "Olympiad (w)"]
[Site "masterchessopen.com - Bled (Slovenia)"]
[Round "11"]
[White "Liu Yang (SIN)"]
[Black "Adames Ariella (DOM)"]
[Result "0-1"]
[WhiteElo "2050"]
[BlackElo "1964"]

1.d4 c5 2.d5 e5 3.c4 d6 4.Nc3 f5 5.e4 Nf6 6.Bd3 fxe4 7.Nxe4 Nbd7 8.Ne2 Nxe4
9.Bxe4 Nf6 10.Bc2 Be7 11.O-O O-O 12.f4 b5 13.cxb5 Bb7 14.Bb3 Rc8 15.fxe5 Ng4
16.e6 Qb6 17.Bc4 Rxf1+ 18.Qxf1 Rf8 19.Qe1 Bxd5 20.b3 Kh8 21.Nf4 Bxc4 22.bxc4
Bf6 23.e7 Re8 24.Nd5 Bd4+ 25.Be3 Nxe3 {#R} 0-1

[Event "It (open) \"]
[Site "masterchessopen.com - Cairo (Egypt)"]
[Round "5"]
[White "Sriram Jha (IND)"]
[Black "Zayan Osama (EGY)"]
[Result "1-0"]
[WhiteElo "2448"]
[BlackElo "2178"]

1.d4 c5 2.d5 e5 3.c4 d6 4.Nc3 Be7 5.e4 Bg5 6.Bd3 Nh6 7.Nge2 Bxc1 8.Rxc1 f5
9.exf5 O-O 10.Ng3 Nxf5 11.Nxf5 Bxf5 12.O-O Nd7 13.Bxf5 Rxf5 14.Qd3 Rf4 15.Ne4
Nf6 16.Ng5 Qd7 17.Ne6 Rg4 18.h3 Rg6 19.f4 exf4 20.Rxf4 Nh5 21.Rf5 Ng3 22.Rf3
Nh5 23.Rcf1 Rf6 24.g4 {#r} 1-0

[Event "Ch Netherlands (open)"]
[Site "masterchessopen.com - Dieren (Netherlands)"]
[Round "1"]
[White "Peek Marcel (NED)"]
[Black "Algera Simon (NED)"]
[Result "1-0"]
[WhiteElo "2417"]
[BlackElo "2099"]

1.d4 c5 2.d5 e5 3.Nc3 d6 4.e4 Be7 5.Nf3 Bg4 6.h3 Bxf3 7.Qxf3 a6 8.Qg4 g5 9.Nd1
h5 10.Qf3 h4 11.Qb3 Qc7 12.Ne3 Nh6 13.a4 b6 14.Be2 Nd7 15.Qd3 Nf8 16.g3 Ng6
17.Bh5 Kd7 18.Rg1 hxg3 19.fxg3 Kc8 20.Rf1 Kb7 21.Bd2 Qd7 22.Nf5 Nxf5 23.Bg4 c4
24.Qxc4 Qe8 25.exf5 {#r} 1-0

[Event "Ch Finland (team) 2002/03"]
[Site "masterchessopen.com - Finland"]
[Round "2"]
[White "Tuominen Risto (FIN)"]
[Black "Hartikainen Markku (FIN)"]
[Result "1-0"]
[WhiteElo "2213"]
[BlackElo "2302"]

1.d4 c5 2.d5 e5 3.e4 d6 4.Nc3 a6 5.a4 Be7 6.Nf3 Bg4 7.Be2 Bxf3 8.Bxf3 Bg5
9.O-O Bxc1 10.Qxc1 Ne7 11.Be2 Ng6 12.g3 O-O 13.Nd1 Nd7 14.c3 Nf6 15.Qb1 Qd7
16.a5 Qh3 17.Ne3 h5 18.Nf5 Rad8 19.f3 h4 20.Rf2 hxg3 21.hxg3 Qh5 22.Qc1 Qh8
23.Rh2 Nh7 24.Kf2 Rfe8 25.Qe3 Ngf8 26.Rah1 f6 27.b4 cxb4 28.Qb6 {#r} 1-0

[Event "Bundesliga (2nd) North 2001/02"]
[Site "masterchessopen.com - Germany"]
[Round "5"]
[White "Krause Ullrich (GER)"]
[Black "Plueg Andreas (GER)"]
[Result "1-0"]
[WhiteElo "2284"]
[BlackElo "2283"]

1.d4 c5 2.d5 e5 3.e4 d6 4.Nf3 a6 5.a4 b6 6.Be2 g6 7.O-O Bg7 8.Nc3 Nf6 9.h3 O-O
10.Bg5 h6 11.Bh4 Nbd7 12.Nd2 Qc7 13.Nc4 Rb8 14.Ne3 Nh7 15.Bd3 Ndf6 16.g4 Ne8
17.Qe2 Ra8 18.f3 Bf6 19.Bg3 Qe7 20.Nc4 Rb8 21.f4 exf4 22.Bxf4 Ng5 23.Qh2 h5
24.h4 hxg4 25.hxg5 Bd4+ 26.Kg2 f6 27.Qh6 Rf7 28.Rh1 {#r} 1-0

[Event "Hessenliga 2001/02"]
[Site "masterchessopen.com - Germany"]
[Round "6"]
[White "Nazarenus Moritz (GER)"]
[Black "Duncker Joachim (GER)"]
[Result "0-1"]
[WhiteElo "2117"]
[BlackElo "2256"]

1.d4 c5 2.d5 e5 3.e4 d6 4.Nc3 Be7 5.f4 exf4 6.Bxf4 Nf6 7.Nf3 Bg4 8.Be2 Bxf3
9.Bxf3 Nfd7 10.O-O O-O 11.Qd2 Qb6 12.Rab1 Bf6 13.Nd1 Ne5 14.Ne3 Nbd7 15.Kh1 g6
16.Bg4 Qd8 17.Rf2 Bg5 18.Rbf1 Bxf4 19.Rxf4 Nb6 20.Qf2 Qg5 21.h4 Qh6 22.Rf6
Nbc4 23.Nf5 Qd2 24.Ne7+ Kg7 25.Be2 Qe3 26.Bxc4 Qxf2 27.R6xf2 Nxc4 28.h5 Ne3
{#R} 0-1

[Event "It (cat.4)"]
[Site "masterchessopen.com - Helsinki (Finland)"]
[Round "10"]
[White "Keskinen Sauli (FIN)"]
[Black "Karttunen Mika (FIN)"]
[Result "0-1"]
[WhiteElo "2230"]
[BlackElo "2395"]

1.d4 c5 2.d5 e5 3.f4 exf4 4.Bxf4 d6 5.e4 g6 6.Bb5+ Bd7 7.Bxd7+ Nxd7 8.Nf3 Qf6
9.Be3 Qxb2 10.Nbd2 Qc3 11.Kf2 Ngf6 12.Re1 Ng4+ 13.Kg1 Nxe3 14.Qe2 Ng4 15.e5
Ngxe5 16.Ne4 Qa5 17.Nxe5 Nxe5 18.Nf6+ Ke7 19.Rab1 Rb8 20.Rb5 Qc3 21.Ne4 Qd4+
22.Kh1 f5 23.Ng5 Bh6 24.Ne6 {#R} 0-1

[Event "Ch Slovakia (open) (b)"]
[Site "masterchessopen.com - Kaskady (Slovakia)"]
[Round "4"]
[White "Djubek Boris (SVK)"]
[Black "Merva Frantisek (SVK)"]
[Result "1-0"]
[WhiteElo "2147"]
[BlackElo "2047"]

1.d4 c5 2.d5 e5 3.e4 d6 4.Nc3 g6 5.Nf3 Bg7 6.Bd3 Ne7 7.O-O O-O 8.a4 a5 9.Nb5
b6 10.c3 Ba6 11.Qe2 Bxb5 12.Bxb5 f5 13.Ng5 Rf6 14.Ne6 Rxe6 15.dxe6 fxe4
16.Qxe4 d5 17.Rd1 Na6 18.Bg5 Nc7 19.Qh4 Bf8 20.Bd7 Ne8 21.Rxd5 Ra7 22.Rad1 Nc7
23.Rxe5 Ne8 24.Qf4 Ra8 25.Qf7+ Kh8 26.Qxf8+ {#r} 1-0

[Event "Ch Turkey (juniors)"]
[Site "masterchessopen.com - Kocaeli (Turkey)"]
[Round "4"]
[White "Ataman Alper (TUR)"]
[Black "Donmez Yusuf (TUR)"]
[Result "1-0"]
[WhiteElo "2161"]
[BlackElo "2014"]

1.d4 c5 2.d5 e5 3.e4 d6 4.Nc3 Be7 5.Nf3 Nf6 6.Be2 O-O 7.O-O Ne8 8.a4 f5 9.exf5
Bxf5 10.Nd2 Bg5 11.Nde4 Bxc1 12.Qxc1 Bxe4 13.Nxe4 Rf4 14.Qe3 Nf6 15.Ng5 Ng4
16.Bxg4 Rxg4 17.f4 Nd7 18.Qh3 Nf6 19.Ne6 {#r} 1-0

[Event "Ch City"]
[Site "masterchessopen.com - Madrid (Spain)"]
[Round "3"]
[White "Moreno Ruiz Javier (ESP)"]
[Black "Solaesa Navalpotro Luis (ESP)"]
[Result "1-0"]
[WhiteElo "2436"]
[BlackElo "2188"]

1.d4 c5 2.d5 e5 3.e4 d6 4.Nc3 Ne7 5.Be2 a6 6.a4 g6 7.g4 Bg7 8.h4 Qc7 9.h5 Nd7
10.Nf3 b6 11.Be3 Bb7 12.Rb1 O-O-O 13.h6 Bf8 14.Ng5 {#r} 1-0

[Event "It (open) \"]
[Site "masterchessopen.com - Paris (France)"]
[Round "7"]
[White "Ricroque Jean-Pierre (FRA)"]
[Black "Regoli Stephane (FRA)"]
[Result "0-1"]
[WhiteElo "2063"]
[BlackElo "2180"]

1.d4 c5 2.d5 e5 3.e4 d6 4.Nc3 g6 5.Bd3 Bg7 6.Nf3 Ne7 7.O-O O-O 8.Qe2 f5 9.a4
h6 10.Nd2 f4 11.f3 g5 12.Nc4 h5 13.Bd2 Ng6 14.Kh1 g4 15.Be1 Rf6 16.Ra3 g3
17.hxg3 fxg3 18.Bxg3 h4 19.Bh2 Nf4 20.Qf2 Rg6 21.Ne3 Bh6 22.Ne2 Nh5 23.f4 Ng3+
24.Bxg3 hxg3 {#R} 0-1

[Event "It (open) \"]
[Site "masterchessopen.com - Rotterdam (Netherlands)"]
[Round "5"]
[White "Kogan Artur (ISR)"]
[Black "Hristodorescu Daniel (ROM)"]
[Result "1-0"]
[WhiteElo "2535"]
[BlackElo "2264"]

1.d4 c5 2.d5 e5 3.e4 d6 4.Bb5+ Nd7 5.a4 a6 6.Be2 g6 7.Nf3 h5 8.O-O Bh6 9.Nfd2
Ngf6 10.Nc3 Qe7 11.a5 h4 12.Ra3 Nh5 13.Bxh5 Bxd2 14.Bxd2 Rxh5 15.Na4 Nf6
16.Nb6 Rb8 17.Re1 Kf8 18.b4 cxb4 19.Bxb4 Kg7 20.Qa1 Rh8 21.f4 Qc7 22.fxe5 dxe5
23.Rc3 Qd8 24.Rxc8 Rxc8 25.Nxc8 {#r} 1-0

[Event "It (open) \"]
[Site "masterchessopen.com - Tatranske Zruby (Slovakia)"]
[Round "9"]
[White "Mrva Martin (SVK)"]
[Black "Rachela Milan (SVK)"]
[Result "1-0"]
[WhiteElo "2421"]
[BlackElo "2211"]

1.d4 c5 2.d5 e5 3.e4 d6 4.Nf3 Be7 5.Be2 Bg4 6.O-O Bxf3 7.Bxf3 Bg5 8.Bxg5 Qxg5
9.Qe2 Qe7 10.Nd2 Nh6 11.Qb5+ Kf8 12.a4 g6 13.Ra3 Na6 14.Rb3 Rb8 15.Be2 Kg7
16.f4 exf4 17.Rxf4 Nb4 18.Qc4 Rhe8 19.Rh3 Ng8 20.Qc3+ Qe5 21.Rxh7+ {#r} 1-0

[Event "It \"]
[Site "masterchessopen.com - Viedma (Argentina)"]
[Round "8"]
[White "Sorin Ariel (ARG)"]
[Black "Bustamante Oscar (ARG)"]
[Result "1-0"]
[WhiteElo "2519"]
[BlackElo "2160"]

1.d4 c5 2.d5 e5 3.c4 d6 4.e4 Nd7 5.Nc3 a6 6.Nf3 g6 7.Bd3 Bg7 8.Be3 Ngf6 9.h3
Qa5 10.a4 O-O 11.g4 h5 12.Ng5 Qd8 13.Be2 Nh7 14.Nxh7 Kxh7 15.gxh5 Qh4 16.Qd2
Qe7 17.hxg6+ fxg6 18.h4 Bf6 19.O-O-O Kg8 20.Rdg1 Kf7 21.h5 {#r} 1-0

[Event "It"]
[Site "masterchessopen.com - Vladimir (Russia)"]
[Round "0"]
[White "Chasovnikova Eugenia (RUS)"]
[Black "Mishin Alexei (RUS)"]
[Result "1-0"]
[WhiteElo "2263"]
[BlackElo "2375"]

1.d4 c5 2.d5 e5 3.e4 d6 4.Nc3 a6 5.a4 g6 6.Nf3 Nd7 7.Be2 Bh6 8.Nd2 Qe7 9.Nc4
Bxc1 10.Qxc1 Kf8 11.O-O Kg7 12.f4 exf4 13.Qxf4 Ne5 14.Nxe5 dxe5 15.Qf2 Nh6
16.a5 Bd7 17.d6 Qxd6 18.Rad1 Qc6 19.Bc4 f5 20.Bd5 Qc7 21.Qh4 Bb5 22.Nxb5 axb5
23.exf5 Ng8 24.f6+ {#r} 1-0

[Event "It (open)"]
[Site "masterchessopen.com - Iraklion (Greece)"]
[Date "2002.05.22"]
[Round "2"]
[White "Petrakis Ilias (GRE)"]
[Black "Shahtahtinsky Alekper (GRE)"]
[Result "0-1"]
[WhiteElo "2221"]
[BlackElo "2310"]

1.d4 c5 2.d5 e5 3.e4 d6 4.Nc3 Nf6 5.Bb5+ Nbd7 6.a4 Be7 7.f4 exf4 8.Bxf4 O-O
9.Nf3 a6 10.Be2 Ng4 11.O-O Bf6 12.Bxd6 Ne3 13.Qc1 Nxf1 14.Bxf8 Nxh2 15.Kxh2
Nxf8 16.Qe3 Ng6 17.Qxc5 Bg4 18.e5 Nxe5 19.d6 Rc8 20.Qd5 Be6 21.Qd2 Nxf3+
22.Bxf3 Be5+ 23.Kg1 Bxd6 24.Rd1 Bc5+ 25.Kf1 Bc4+ {#R} 0-1

[Event "It (open)"]
[Site "masterchessopen.com - Cseppko (Hungary)"]
[Date "2002.07.19"]
[Round "7"]
[White "Hirzel Andre (SUI)"]
[Black "Hidegh Eszter (HUN)"]
[Result "1-0"]
[WhiteElo "2223"]
[BlackElo "2147"]

1.d4 c5 2.d5 e5 3.Nc3 d6 4.e4 Be7 5.Bd3 Bg5 6.Nf3 Bxc1 7.Qxc1 Ne7 8.Nd2 Na6
9.Bb5+ Bd7 10.a4 Nc7 11.Nc4 Nxb5 12.axb5 Nc8 13.O-O O-O 14.f4 f6 15.fxe5 fxe5
16.Rxf8+ Qxf8 17.Qg5 Qf6 18.Qg3 a6 19.Ne3 Ne7 20.Rf1 Qh6 21.Qf3 Kh8 22.bxa6
Rxa6 23.Ncd1 Qg5 24.h4 Qxh4 25.Qf8+ Ng8 26.Rf7 Qg3 27.Rxd7 Ra1 28.Qf2 {#r} 1-0

[Event "Ch FAOGBA (final)"]
[Site "masterchessopen.com - Moron (Argentina)"]
[Date "2002.07.30"]
[Round "4"]
[White "Cabrera Pando Ramiro (ARG)"]
[Black "Gerola Pablo (ARG)"]
[Result "1-0"]
[WhiteElo "2132"]
[BlackElo "1995"]

1.d4 c5 2.d5 e5 3.e4 d6 4.Nc3 Be7 5.f4 exf4 6.Bxf4 Bg5 7.Bb5+ Kf8 8.Bxg5 Qxg5
9.Qe2 a6 10.Nf3 Qe7 11.Bd3 b5 12.O-O Bg4 13.e5 dxe5 14.Qxe5 Bxf3 15.Qf4 Nd7
16.Rae1 Qd8 17.Qd6+ Ne7 18.Rxf3 Nf6 19.Qxc5 Rc8 20.Qb4 Qb6+ 21.Kh1 Qc5 22.Qh4
Nexd5 23.Nxd5 Qxd5 24.Rxf6 gxf6 25.Qh6+ {#r} 1-0

[Event "Ch Slovenia (team) West"]
[Site "masterchessopen.com - Slovenia"]
[Date "2002.11.30"]
[Round "7"]
[White "Sirnik Bostjan (SLO)"]
[Black "Skoberne Renato (SLO)"]
[Result "1-0"]
[WhiteElo "2189"]
[BlackElo "2094"]

1.d4 c5 2.d5 e5 3.e4 d6 4.Nc3 a6 5.a4 Be7 6.Nf3 Bg4 7.g3 Nd7 8.h4 Ngf6 9.Qd3
c4 10.Qe3 Rc8 11.Nd2 Nc5 12.f3 Bd7 13.Nxc4 b5 14.axb5 axb5 15.Na5 b4 16.Nb5
Ra8 17.Nb7 Rxa1 18.Nxd8 Kxd8 19.Kf2 Ncxe4+ 20.Kg2 Nc5 21.Qd2 e4 22.f4 e3
23.Qxe3 Nxd5 24.Qd2 Bc6 25.Kh2 Ne4 26.Qe1 f5 27.Nd4 Bd7 28.Bc4 Kc7 {#r} 1-0

[Event "Ch Hungary (team) 2002/03 (2 liga)"]
[Site "masterchessopen.com - Hungary"]
[Date "2002.12.08"]
[Round "4"]
[White "Buza Imre (HUN)"]
[Black "Nagy Attila (SVK)"]
[Result "0-1"]
[WhiteElo "2061"]
[BlackElo "2087"]

1.d4 c5 2.d5 e5 3.c4 f5 4.Nc3 d6 5.e4 Nf6 6.Bd3 fxe4 7.Nxe4 Nbd7 8.Bg5 Be7
9.Nxf6+ Nxf6 10.Bxf6 Bxf6 11.Qh5+ g6 12.Qe2 O-O 13.O-O-O Bf5 14.f3 b5 15.cxb5
Qa5 16.Bxf5 gxf5 17.Qc2 Qxa2 18.Qxf5 e4 19.Qe6+ Kh8 20.Kd2 Qxb2+ {#R} 0-1

[Event "Tournament (qual) (w)"]
[Site "masterchessopen.com - Baku (Azerbaijan)"]
[Round "0"]
[White "Mamedova Lala (AZE)"]
[Black "Mamedjarova Turkan (AZE)"]
[Result "0-1"]
[WhiteElo "2091"]
[BlackElo "2174"]

1.d4 c5 2.d5 e5 3.e4 d6 4.c4 g6 5.Nc3 Bg7 6.Nf3 Ne7 7.g3 O-O 8.Bg2 f5 9.Ng5 h6
10.exf5 hxg5 11.Bxg5 Bxf5 12.h4 Qe8 13.g4 Bc8 14.Ne4 Qd7 15.f3 Na6 16.h5 gxh5
17.Rxh5 Ng6 18.Kd2 Nf4 19.Bxf4 Rxf4 20.Qh1 Qd8 21.Ng5 Qf6 22.Qh4 e4 23.Nxe4
Qxb2+ 24.Ke3 Rf8 25.Rd1 {#R} 0-1

[Event "Ch Belgium (team) 2003/04"]
[Site "masterchessopen.com - Belgium"]
[Round "5"]
[White "Sonntag Hans-Hubert (GER)"]
[Black "Talon Alain (BEL)"]
[Result "1-0"]
[WhiteElo "2389"]
[BlackElo "2082"]

1.d4 c5 2.d5 e5 3.c4 d6 4.Nc3 g6 5.e4 a6 6.g3 h5 7.h4 Bh6 8.Bh3 Bxc1 9.Qxc1
Nd7 10.Nf3 Qa5 11.O-O b5 12.cxb5 axb5 13.a4 b4 14.Nb5 Ke7 15.Nd2 Nb6 16.Nb3
Qa6 17.Nxc5 dxc5 18.Qxc5+ Kf6 19.Nc7 Nxa4 20.Ne8# 1-0

[Event "It (open)"]
[Site "masterchessopen.com - Cortina d'Ampezzo (Italy)"]
[Round "5"]
[White "Efimov Igor (MNC)"]
[Black "Cacco Christian (ITA)"]
[Result "1-0"]
[WhiteElo "2459"]
[BlackElo "2280"]

1.d4 c5 2.d5 e5 3.e4 d6 4.Nc3 Be7 5.Bb5+ Bd7 6.a4 a6 7.Bxd7+ Nxd7 8.Nf3 b6
9.Nd2 Ngf6 10.O-O O-O 11.Qe2 Ne8 12.Nc4 Bg5 13.f4 Bxf4 14.Bxf4 exf4 15.Rxf4
Ne5 16.Raf1 Ng6 17.Rf5 Rb8 18.e5 dxe5 19.Nxe5 Nd6 20.Nc6 Qe8 21.Nxb8 Nxf5
22.Qxe8 Rxe8 23.Nd7 Nd4 24.Nxb6 Nxc2 25.d6 Nf8 26.Ncd5 f6 27.d7 Rd8 28.Ne7+
{#r} 1-0

[Event "It (festival)"]
[Site "masterchessopen.com - Evpatoria (Ukraine)"]
[Round "0"]
[White "Truskavetsky Alexandr (UKR)"]
[Black "Marchenko Artem (UKR)"]
[Result "1-0"]
[WhiteElo "2364"]
[BlackElo "2158"]

1.d4 c5 2.d5 e5 3.Nc3 d6 4.e4 f5 5.Bb5+ Bd7 6.exf5 Nf6 7.g4 Bxb5 8.Nxb5 Be7
9.g5 Ne4 10.Qh5+ Kf8 11.f6 gxf6 12.g6 Qa5+ 13.Nc3 Ng5 14.Bxg5 fxg5 15.Qf3+ Kg7
16.Qf7+ Kh6 17.h4 g4 18.g7 {#r} 1-0

[Event "It (open)"]
[Site "masterchessopen.com - Foxwoods (USA)"]
[Round "1"]
[White "Winer Steven (USA)"]
[Black "Hanken Jerome B (USA)"]
[Result "1-0"]
[WhiteElo "2386"]
[BlackElo "2041"]

{ Hanken Jerome B (USA) +2 =1 -8 } 1.d4 { 1 } 1...c5 2.d5 e5 3.e4 d6 4.h3 { ?
=/? } ( 4.Nc3 Be7 5.Bd3 Bg5 6.Nf3 Bxc1 7.Qxc1 Nh6 8.h3 f5 9.Qg5 O-O 10.Qxd8
Rxd8 11.Ng5 g6 12.f4 exf4 13.O-O Na6 14.Rxf4 Nb4 15.Rh4 Nxd3 16.Rxh6 Nxb2
17.Rxh7 Nc4 18.exf5 Bxf5 19.Rxb7 Re8 20.Nh7 Re3 21.Nf6+ Kf8 22.Nh7+ Kg8 23.Nb5
g5 { ...1-0, Alekhine Alexander A 2700 - Tartakower Savielly, Dresden 1926 It
} ) 4...a6 ( 4...Be7 5.Nf3 h5 6.Bb5+ Nd7 7.a4 a6 8.Bxd7+ Bxd7 9.a5 Nf6 10.Nc3
h4 11.Ra3 Nh5 12.Rb3 Qxa5 13.Rxb7 Bc8 14.Rb3 Qc7 15.Ne2 Rb8 16.Rd3 Qd8 17.Nd2
Bg5 18.Nc4 Bxc1 19.Qxc1 Rb4 20.Nd2 Qg5 21.c3 Rb8 22.O-O Rh6 23.Nc4 Qd8 24.f4 {
...0-1, Gabriel Christian 2475 - Backwinkel Paul 2410 , Germany 1995
Bundesliga 1994/95 } ) ( 4...g6 5.Nf3 Bh6 6.Bxh6 Nxh6 7.Qc1 Ng8 8.Nc3 Kf8
9.Be2 Kg7 10.O-O Na6 11.Nd2 Nh6 12.Nc4 Nc7 13.a4 Qe7 14.f4 f6 15.fxe5 fxe5
16.Qe3 Bd7 17.Na5 Raf8 18.Nxb7 Rxf1+ 19.Rxf1 Rb8 20.Na5 Rxb2 21.Nb3 Rxc2
22.Bd1 Rxc3 23.Qxc3 Bxa4 24.Nxc5 { ...1/2-1/2, Shulman Yuri 2435 - Chekhov
Valery A 2500 , Vladivostok 1994 Memorial A.Zaitsev } ) ( 4...Nd7 5.Nc3 { } )
5.a4 { } ( 5.c4 f5 6.exf5 Bxf5 7.Nc3 Nf6 8.Nge2 Be7 9.Ng3 Bg6 10.Bd3 Bxd3
11.Qxd3 O-O 12.O-O Nbd7 13.Be3 Qe8 14.Rab1 Nh5 15.Nxh5 Qxh5 16.b4 b6 17.bxc5
bxc5 18.Rb7 Rfd8 19.Rfb1 Bf8 20.Ne4 h6 21.Bd2 Qf7 22.Qg3 Qf5 23.f3 Kh8 24.Ba5
Rdb8 { ...1-0, Baumegger Siegfried 2360 - Kosanski Stanko 2390 , Frohnleiten
1998 It } ) 5...b6 { N } ( 5...Be7 6.Nf3 Nf6 7.Nc3 O-O 8.Bd3 b6 9.O-O Ne8
10.Nd2 Bg5 11.Nc4 Bxc1 12.Qxc1 Nd7 13.f4 exf4 14.Qxf4 Qe7 15.Rae1 f6 16.Qh4 g5
17.Qg3 Rb8 18.h4 Ne5 19.hxg5 fxg5 20.Rxf8+ Kxf8 21.Rf1+ Kg8 22.Ne3 b5 23.Nf5
Bxf5 24.Rxf5 h6 25.axb5 { ...0-1, Panagiotopoulou Lida - Karapanos Nikolaos
2305 , Patras 2000 It (open) } ) 6.Bd3 Be7 7.Nf3 h6 8.Nbd2 Bg5 { ?! } (
8...Nf6 { !? } 9.Nc4 Bb7 10.Ne3 O-O { } ) 9.O-O { ?! } ( 9.Nxg5 { !? }
9...hxg5 10.Nc4 g4 11.h4 { } ) 9...Nf6 { ?! } ( 9...Bf4 { !? } 10.Nc4 Bxc1
11.Qxc1 Qc7 { } ) 10.Ra3 { ?! } ( 10.Nxg5 { !? } 10...hxg5 11.f3 Nh5 12.Nc4 {
} ) 10...Ra7 { ?! } ( 10...Bf4 { !? } 11.Nc4 Bxc1 12.Qxc1 Qc7 { } ) 11.Re1 {
?! } ( 11.Nxg5 { !? } 11...hxg5 12.f3 Nh5 13.Nc4 { } ) 11...Re7 { ?! } (
11...Bf4 { !? } 12.b3 Rb7 13.Ra2 O-O { } ) 12.Rb3 Bd7 { ? } ( { ? } 12...Bxd2
13.Bxd2 O-O 14.Bc3 Ne8 { } ) 13.Nc4 Bxa4 14.Rxb6 Rd7 15.b4 { ?! } ( 15.Nxg5 {
!? } 15...hxg5 16.Bd2 Bb5 17.Ba5 { } ) 15...Bxc1 16.bxc5 dxc5 17.Qxc1 O-O
18.Nfxe5 Re7 { ?! } ( 18...Rc7 { !? } 19.Qf4 Bb5 20.d6 Ra7 { } ) 19.Rxf6 Rxe5
20.Rxf7 Rxf7 21.Nxe5 Rf6 22.Qa3 Bb5 23.c4 Be8 24.Qxc5 Nd7 25.Nxd7 Qxd7 26.e5
Rf4 27.e6 Qa4 28.d6 { } {#r} 1-0

[Event "SEA Games (team)"]
[Site "masterchessopen.com - Ho Chi Minh City (Vietnam)"]
[Round "3"]
[White "Irwanto Sadikin (INA)"]
[Black "Chan Mark (SIN)"]
[Result "1-0"]
[WhiteElo "2413"]
[BlackElo "2286"]

1.d4 c5 2.d5 e5 3.e4 d6 4.c4 Be7 5.Nf3 Bg4 6.Nc3 a6 7.Be2 Nd7 8.O-O Bxf3
9.Bxf3 Bg5 10.Bg4 Bxc1 11.Rxc1 Ngf6 12.Bh3 O-O 13.Qe2 Qe7 14.g3 Rab8 15.a4 Kh8
16.Rce1 Rbe8 17.f4 Rg8 18.f5 g5 19.fxg6 fxg6 20.Rf2 Ref8 21.Ref1 Kg7 22.Bxd7
Nxd7 23.Qg4 Rh8 24.Nd1 {#r} 1-0

[Event "It (open)"]
[Site "masterchessopen.com - Ikaria (Greece)"]
[Round "5"]
[White "Vafiadis Kleanthis (GRE)"]
[Black "Galanos Dimitrios (GRE)"]
[Result "1-0"]
[WhiteElo "2239"]
[BlackElo "2128"]

1.d4 c5 2.d5 e5 3.e4 d6 4.Bd3 Be7 5.Ne2 Bg5 6.f4 exf4 7.Nxf4 Qb6 8.Na3 Qd8
9.O-O Nf6 10.Nh5 Nxh5 11.Qxh5 Bf6 12.Bg5 Bg4 13.Bb5+ Bd7 14.Rxf6 gxf6 15.Rf1
Bxb5 16.Nxb5 Qb6 17.Rxf6 Qxb5 18.Rxf7 {#r} 1-0

[Event "Memorial Sarkisov (open)"]
[Site "masterchessopen.com - Krasnodar (Russia)"]
[Round "0"]
[White "Skatchkov Pavel (RUS)"]
[Black "Vakhnov Aleksey (RUS)"]
[Result "1-0"]
[WhiteElo "2516"]
[BlackElo "2401"]

1.d4 c5 2.d5 e5 3.e4 d6 4.Nc3 Be7 5.f4 exf4 6.Bxf4 Bg5 7.Qd2 Bxf4 8.Qxf4 Qf6
9.Qg3 a6 10.Nf3 Nd7 11.O-O-O Ne7 12.Bd3 Ng6 13.Kb1 Nde5 14.Rdf1 O-O 15.h4 Ng4
16.e5 Qf4 17.Qe1 dxe5 18.h5 Ne7 19.d6 Nc6 20.h6 Be6 21.hxg7 Rfd8 22.Nh2 Qg5
23.Ne4 Qxg7 24.Nxg4 Bxg4 25.Nf6+ Kf8 26.Rxh7 {#r} 1-0

[Event "It (open)"]
[Site "masterchessopen.com - Ploiesti (Romania)"]
[Round "5"]
[White "Mosnegutu Klaus (ROM)"]
[Black "Miron Lucian-Costin (ROM)"]
[Result "1-0"]
[WhiteElo "2117"]
[BlackElo "2233"]

1.d4 c5 2.d5 e5 3.c4 d6 4.e4 g6 5.Bd3 h5 6.f4 exf4 7.Bxf4 Bh6 8.Bg3 h4 9.Bf2
Qg5 10.Nf3 Qxg2 11.Rg1 Qh3 12.Bf1 Qd7 13.Bxh4 Bg7 14.Nc3 Nf6 15.Qc2 a6
16.O-O-O Qc7 17.e5 dxe5 18.d6 Qd8 19.Nd5 Bf5 20.Bd3 Bxd3 21.Qxd3 Kf8 22.Bxf6
Bxf6 23.Nc7 Nc6 24.Rxg6 Rc8 25.Qf5 {#r} 1-0

[Event "Ch Croatia"]
[Site "masterchessopen.com - Rabac (Croatia)"]
[Round "8"]
[White "Ramesa Marin (CRO)"]
[Black "Medancic Rikard (CRO)"]
[Result "1-0"]
[WhiteElo "2230"]
[BlackElo "2262"]

1.d4 c5 2.d5 e5 3.e4 d6 4.Nc3 Be7 5.Be2 Bg5 6.Nf3 Bxc1 7.Qxc1 Ne7 8.Nd2 a6
9.a4 Nd7 10.Nc4 Nb6 11.Na3 Ng6 12.a5 Nd7 13.Nc4 Nf6 14.h4 h5 15.g3 Qc7 16.Ra3
Bd7 17.Rb3 Rd8 18.Rxb7 {#r} 1-0

[Event "Ch Europe (seniors)"]
[Site "masterchessopen.com - Saint Vincent (Italy)"]
[Round "4"]
[White "Beliaeva Natalia (RUS)"]
[Black "Rahls Peter (GER)"]
[Result "0-1"]
[WhiteElo "2110"]
[BlackElo "2368"]

1.d4 c5 2.d5 e5 3.e4 d6 4.Nc3 a6 5.a4 Be7 6.f4 exf4 7.Bxf4 Bf6 8.Nf3 Ne7 9.e5
dxe5 10.Bxe5 Bxe5 11.Nxe5 Nf5 12.Qd2 O-O 13.O-O-O Nd7 14.Nf3 b5 15.Qg5 Nf6
16.Bd3 Nd6 17.Qh4 c4 18.Be2 Re8 19.Nd4 b4 20.Nc6 Qb6 {#R} 0-1

[Event "Cup Itau (open)"]
[Site "masterchessopen.com - Sao Paulo (Brazil)"]
[Round "2"]
[White "Suzuki Hideo (BRA)"]
[Black "Boim Inon (ISR)"]
[Result "0-1"]
[WhiteElo "2102"]
[BlackElo "2359"]

1.d4 c5 2.d5 e5 3.c4 g6 4.Nc3 d6 5.Nf3 Bg7 6.g3 h6 7.Bg2 f5 8.e4 Ne7 9.Be3 O-O
10.Qc2 a6 11.Nh4 f4 12.gxf4 exf4 13.Bd2 g5 14.Rg1 gxh4 15.Bf3 Nd7 16.e5 Nxe5
17.Be4 Bf5 18.O-O-O Nf3 19.Bxf5 Nxf5 20.Ne4 Nxg1 21.Rxg1 Kh8 22.f3 Bd4 23.Rg4
Ne3 24.Bxe3 Bxe3+ 25.Kd1 {#R} 0-1

[Event "Cup Russia (open)"]
[Site "masterchessopen.com - St. Petersburg (Russia)"]
[Round "9"]
[White "Kopasov Evgeny (RUS)"]
[Black "Gizatullin Dmitry (RUS)"]
[Result "1-0"]
[WhiteElo "2134"]
[BlackElo "2102"]

1.d4 c5 2.d5 e5 3.e4 d6 4.c4 Be7 5.Nf3 Bg4 6.Nbd2 Bg5 7.Qa4+ Bd7 8.Qc2 Bxd2+
9.Bxd2 Ne7 10.Bd3 O-O 11.O-O f5 12.exf5 Bxf5 13.Bxf5 Rxf5 14.Ng5 g6 15.Ne6 Qd7
16.f4 Na6 17.g4 Rf7 18.fxe5 Rxf1+ 19.Rxf1 dxe5 20.Bh6 Nc6 21.Qf2 Qe7 22.d6 Qe8
23.d7 Qe7 24.d8=Q+ {#r} 1-0

[Event "Ch Euskadi"]
[Site "masterchessopen.com - Subijana de Alava (Spain)"]
[Round "1"]
[White "Izeta Txabarri Felix (ESP)"]
[Black "Mindeguia Guruceaga Juan J (ESP)"]
[Result "1-0"]
[WhiteElo "2459"]
[BlackElo "2113"]

1.d4 c5 2.d5 e5 3.e4 d6 4.Be2 g6 5.Nc3 Bg7 6.Nf3 Ne7 7.O-O O-O 8.a4 b6 9.Nd2
f5 10.Nc4 Ba6 11.Nb5 Nc8 12.f4 exf4 13.Bxf4 g5 14.Bxd6 Nxd6 15.Nbxd6 Bxc4
16.Nxc4 fxe4 17.Rxf8+ Qxf8 18.Bg4 Qf6 19.c3 Kh8 20.Qe2 Na6 21.Rf1 Qe7 22.d6
Qe8 23.d7 Qe7 24.Bf5 Rd8 25.Qh5 Bf6 26.Nd6 Rxd7 27.Bxd7 Qxd6 28.Bf5 {#r} 1-0